<?xml version="1.0" encoding="UTF-8"?>
<record
    xmlns:xsi="http://www.w3.org/2001/XMLSchema-instance"
    xsi:schemaLocation="http://www.loc.gov/MARC21/slim http://www.loc.gov/standards/marcxml/schema/MARC21slim.xsd"
    xmlns="http://www.loc.gov/MARC21/slim">

  <leader>03235nam a2200265 a 4500</leader>
  <controlfield tag="008">180208s1992    ag ||||fr|||| 001 0 spa d</controlfield>
  <datafield tag="020" ind1=" " ind2=" ">
    <subfield code="a">9507422110</subfield>
  </datafield>
  <datafield tag="041" ind1=" " ind2=" ">
    <subfield code="a">spa</subfield>
  </datafield>
  <datafield tag="092" ind1=" " ind2=" ">
    <subfield code="c">128</subfield>
    <subfield code="l">27</subfield>
    <subfield code="s">FUK</subfield>
  </datafield>
  <datafield tag="100" ind1="1" ind2=" ">
    <subfield code="a">Fukuyama, Francis.</subfield>
    <subfield code="9">3476</subfield>
  </datafield>
  <datafield tag="245" ind1=" " ind2="3">
    <subfield code="a">El fin de la historia y el &#xFA;ltimo hombre.</subfield>
    <subfield code="b">La interpretaci&#xF3;n m&#xE1;s audaz y brillante de la historia presente y futura de la humanidad /</subfield>
    <subfield code="c">Francis Fukuyama.</subfield>
  </datafield>
  <datafield tag="246" ind1=" " ind2=" ">
    <subfield code="b">Titulo original: The end of History and the last man.</subfield>
  </datafield>
  <datafield tag="250" ind1=" " ind2=" ">
    <subfield code="a">1a ed. reimp.</subfield>
    <subfield code="b">Trad. P. El&#xED;as.</subfield>
  </datafield>
  <datafield tag="260" ind1=" " ind2=" ">
    <subfield code="a">Buenos Aires:</subfield>
    <subfield code="b">Planeta;</subfield>
    <subfield code="c">1992.</subfield>
  </datafield>
  <datafield tag="300" ind1=" " ind2=" ">
    <subfield code="a">463 p.</subfield>
  </datafield>
  <datafield tag="500" ind1=" " ind2=" ">
    <subfield code="a">Fukuyama, F. (1992). El fin de la historia y el &#xFA;ltimo hombre. La interpretaci&#xF3;n m&#xE1;s audaz y brillante de la historia presente y futura de la humanidad. (1a ed.). Buenos Aires : Planeta.</subfield>
  </datafield>
  <datafield tag="505" ind1=" " ind2=" ">
    <subfield code="a">A medida que el tumultuoso siglo XX se acerca a su fin entre convulsiones, Francis Fukuyama nos pide que analicemos con &#xE9;l una pregunta que ya se hicieron los grandes fil&#xF3;sofos de siglos pasados: &#xBF;existe una direcci&#xF3;n en la historia del hombre? Y si existe, &#xBF;hacia d&#xF3;nde va? Adem&#xE1;s, &#xBF;d&#xF3;nde nos encontramos ahora con respecto de ese "fin de la Historia"? En esta apasionante y profunda indagaci&#xF3;n, que va mucho m&#xE1;s all&#xE1; de los apuntes de su mundialmente famoso ensayo, publicado en el verano de 1989 en la revista National Interest, Fukuyama presenta pruebas que sugieren la existencia de dos poderosas fuerzas en al historia de la humanidad. A una la llama "la l&#xF3;gica de la ciencia moderna", a la otra, "la lucha por el reconocimiento". La primera empuja a los hombres hacia un horizonte cada vez m&#xE1;s amplio de deseos, por medio de un proceso econ&#xF3;mico racional; la segunda, la "la lucha por el reconocimiento", seg&#xFA;n Fukuyama (y Hegel), es nada menos que el "motor mismo de la historia". Fukuyama alega con brillantez que a lo largo del tiempo la l&#xF3;gica econ&#xF3;mica de la ciencia moderna, junto con la "lucha por el reconocimiento", llevan a un derrumbe final de las tiran&#xED;as, tanto de derechas como de izquierdas. Estas fuerzas empujan incluso a sociedades socialmente diversas hacia la creaci&#xF3;n de democracia capitalistas liberales como &#xFA;ltimo estadio del proceso hist&#xF3;rico. La gran pregunta es: &#xBF;pueden la libertad y la igualdad, tanto pol&#xED;ticas como econ&#xF3;micas (la situaci&#xF3;n en el supuesto "fin de la historia"), producir una sociedad estable en la que se pueda decir por fin que el hombre se encuentra totalmente satisfecho? O bien: la condici&#xF3;n espiritual de este "&#xFA;ltimo hombre de la historia", privado de su lucha por la dominaci&#xF3;n, &#xBF;lo llevar&#xE1; inevitablemente a hundirse de nuevo, a s&#xED; mismo y la mundo, en el sangriento caos de la historia? El an&#xE1;lisis contempor&#xE1;neo que hace Fukuyama de este tema esencial constituye una fascinante contribuci&#xF3;n a la filosof&#xED;a de la historia y una reflexi&#xF3;n que incita a pensar en los conflictos m&#xE1;s profundos de la sociedad humana y su destino.</subfield>
  </datafield>
  <datafield tag="590" ind1=" " ind2=" ">
    <subfield code="a">Donaci&#xF3;n de Maria Vitarelli, diciembre 2017.</subfield>
  </datafield>
  <datafield tag="653" ind1=" " ind2="4">
    <subfield code="a">Una vieja pregunta de nuevo.</subfield>
  </datafield>
  <datafield tag="653" ind1=" " ind2="3">
    <subfield code="a">La vejez de la humanidad.</subfield>
  </datafield>
  <datafield tag="653" ind1=" " ind2="3">
    <subfield code="a">La lucha por el reconocimiento.</subfield>
  </datafield>
  <datafield tag="653" ind1=" " ind2=" ">
    <subfield code="a">Saltando por encima de Rodas.</subfield>
  </datafield>
  <datafield tag="653" ind1=" " ind2="3">
    <subfield code="a">El &#xFA;ltimo hombre.</subfield>
  </datafield>
  <datafield tag="942" ind1=" " ind2=" ">
    <subfield code="2">ddc</subfield>
    <subfield code="c">LIT</subfield>
  </datafield>
  <datafield tag="999" ind1=" " ind2=" ">
    <subfield code="c">2661</subfield>
    <subfield code="d">2661</subfield>
  </datafield>
  <datafield tag="952" ind1=" " ind2=" ">
    <subfield code="0">0</subfield>
    <subfield code="1">0</subfield>
    <subfield code="2">ddc</subfield>
    <subfield code="4">0</subfield>
    <subfield code="7">0</subfield>
    <subfield code="a">BFM</subfield>
    <subfield code="b">BFM</subfield>
    <subfield code="c">CR</subfield>
    <subfield code="d">2018-02-08</subfield>
    <subfield code="e">Donaci&#xF3;n de Maria Vitarelli.</subfield>
    <subfield code="l">0</subfield>
    <subfield code="o">128 27 FUK</subfield>
    <subfield code="p">4133</subfield>
    <subfield code="r">2018-02-08</subfield>
    <subfield code="t">Ej. 1</subfield>
    <subfield code="w">2018-02-08</subfield>
    <subfield code="y">LIT</subfield>
    <subfield code="z">Donaci&#xF3;n de Maria Vitarelli, diciembre 2107.</subfield>
  </datafield>
</record>
